000 01629 a2200241 4500
003 Nust
005 20230221154247.0
010 _a 2003060457
020 _a0387201564 (alk. paper)
040 _cNust
082 0 0 _a621.34,IDA
100 1 _aIda, Nathan.
_9109197
245 1 0 _aEngineering electromagnetics /
_cNathan Ida.
250 _a2nd ed.
260 _aNew York :
_bSpringer,
_cc2004.
300 _axvii, 1235 p. :
_bill. ;
_c25 cm.
505 _aVector Algebra (Page-1), Vector Calculus (Page-57), Coulomb's Law And The Electric Field (Page-121), Gauss's Law And The Electric Potential (Page-173), Boundary Value Problems : Analytic Methods Of Solution (Page-281), Boundary Value Problems : Numerical (Approximate) Methods (Page-351), The Steady Electric Current (Page-415), The Static Magnetic Field (Page-469), Magnetic Materials And Properties (Page-523), Faraday's Law And Induction (Page-629), Maxwell's Equations (Page-687), Electromagnetic Waves And Propagation (Page-725), Reflection And Transmission Of Plane Waves (Page-807), Theory Of Transmission Lines (Page-877), The Smith Chart, Impedance Matching, And Transmission Line Circuits (Page-955), Transients On Transmission Lines (Page-999), Waveguides And Resonators (Page-1043), Antennas And Electromagnetic Radiation (Page-1121).
650 0 _aElectromagnetism
_xMathematics.
_92849
650 0 _aTelecommunication Engineering
856 4 2 _3Publisher description
_uhttp://www.loc.gov/catdir/enhancements/fy0823/2003060457-d.html
856 4 2 _3Table of contents only
_uhttp://www.loc.gov/catdir/enhancements/fy0823/2003060457-t.html
942 _cREF
_2ddc
999 _c180085
_d180085